| 000 | 01043cab a22001935a 4500 | ||
|---|---|---|---|
| 001 | L154824 | ||
| 008 | 120123e20120120xxk 000 0 eng d | ||
| 035 | _a(Sirsi) u154824 | ||
| 041 | 0 | _aeng | |
| 100 | 1 | _aHatcher, David | |
| 245 | 0 | 0 |
_aMarkets _btrade counters, self-storage and roadside |
| 260 | _c2012 | ||
| 490 | 0 |
_aProperty Week _v78(3) 20 January 2012, 45- 52(4) |
|
| 520 | _aChief Executive of self-storage firm Safestore is confident of the firm's future after a turbulent first 11 months in his job. Caisson Investment Management has slashed the equity-raising target for its self-storage fund from £100m to £10-20m. Starbucks plans to open another 200 drive-throughs in the next five years. Barber Wadlow's 2012 Petrol station Property Value Indices show the value of average independent petrol station sites falling by 5% in 2011. Travis Perkins aims to add 100 branches to its Toolstation hardware supplier portfolio. | ||
| 590 | _aKA | ||
| 651 | 4 |
_aUnited Kingdom _y |
|
| 690 |
_aCommercial property _96227 |
||
| 942 | _n0 | ||
| 999 |
_c83718 _d83718 |
||